| 000 | 00641nam a2200241 a 4500 | ||
|---|---|---|---|
| 001 | nice12345678 | ||
| 003 | IN_TiNIC | ||
| 005 | 20260116012753.0 | ||
| 008 | 050524s1981 dela grp 000 0 eng | ||
| 020 |
_a _c120 |
||
| 082 | 0 | 0 |
_a297.63 _bKHA1 |
| 100 | _aKhan, Syed Ahmed | ||
| 245 | _aEssays on the Life of Mohammad | ||
| 260 |
_aDelhi _bIdarah-I Adabiyat-I Delli _c1981 |
||
| 300 | _a00p | ||
| 500 | _aincludes index and biblioraphy | ||
| 505 | 2 | _aPart 1 Question of Authenticity and Authority of the Bible. | |
| 650 | _aMuhammad, Prophet | ||
| 700 | 1 | _aKhan, Syed Ahmed | |
| 902 | _bSRS | ||
| 942 | _cBK | ||
| 999 |
_c8308 _d8308 |
||